[Event "6. Open Sants Hostafrancs i La Bordeta"]
[Site "Barcelona ESP"]
[Date "2004.09.03"]
[Round "8.2"]
[White "Li, Shilong"]
[Black "Korneev, Oleg"]
[Result "0-1"]
[WhiteElo "2526"]
[BlackElo "2587"]
[PlyCount "82"]
[EventDate "2004.08.28"]
[Source "lmi"]
[SourceDate "2004.09.11"]

1. e4 c5 2. Nf3 d6 3. d4 cxd4 4. Nxd4 Nf6 5. Nc3 a6 6. Be3 e6 7. f3 b5 8. g4
Bb7 9. Qd2 Nfd7 10. O-O-O Nb6 11. Bd3 N8d7 12. Bg5 Qc7 13. Rhe1 Rc8 14. f4 Nc5
15. e5 d5 16. f5 b4 17. Nce2 Nc4 18. Bxc4 dxc4 19. fxe6 fxe6 20. Kb1 c3 21.
bxc3 Ne4 22. Qc1 bxc3 23. Nb3 Bc5 24. Rf1 Rf8 25. Ned4 Rxf1 26. Rxf1 Bxd4 27.
Nxd4 Qxe5 28. Be3 Nd2+ 29. Bxd2 Qxd4 30. Be3 Qb4+ 31. Ka1 Bd5 32. Rf4 Rc4 33.
Rxc4 Qxc4 34. Qa3 Kf7 35. Bc1 h6 36. Kb1 g5 37. Qb3 Qd4 38. Qb8 Qa4 39. a3 Ba2+
40. Kxa2 Qxc2+ 41. Bb2 Qxb2+ 0-1

[Event "6. Open Sants Hostafrancs i La Bordeta"]
[Site "Barcelona ESP"]
[Date "2004.09.03"]
[Round "8.3"]
[White "Stocek, Jiri"]
[Black "Handke, Florian"]
[Result "1-0"]
[WhiteElo "2557"]
[BlackElo "2461"]
[PlyCount "75"]
[EventDate "2004.08.28"]
[Source "lmi"]
[SourceDate "2004.09.11"]

1. d4 d5 2. c4 c6 3. Nf3 Nf6 4. Nc3 dxc4 5. e4 b5 6. e5 Nd5 7. a4 Be6 8. Ng5
Nxc3 9. bxc3 Bd5 10. e6 fxe6 11. Qg4 Nd7 12. Nxh7 Nf6 13. Qg6+ Kd7 14. Ng5 Qa5
15. Bd2 Rh4 16. f3 b4 17. Be2 c5 18. Nf7 bxc3 19. Bg5 c2+ 20. Bd2 Qc7 21. Ne5+
Kc8 22. Qxc2 Rxd4 23. Ng6 Kd7 24. O-O e5 25. Be3 e6 26. Bxd4 exd4 27. Nxf8+
Rxf8 28. Bxc4 Qf4 29. Bxd5 Nxd5 30. Qxc5 Rh8 31. Qxa7+ Kc6 32. Qa6+ Kc5 33. h3
e5 34. Rfc1+ Nc3 35. Rxc3+ dxc3 36. Qb5+ Kd4 37. Rd1+ Qd2 38. Qb4+ 1-0

[Event "6. Open Sants Hostafrancs i La Bordeta"]
[Site "Barcelona ESP"]
[Date "2004.09.03"]
[Round "8.4"]
[White "Fluvia Poyatos, Jordi"]
[Black "Barrientos Chavarriaga, Sergio"]
[Result "1/2-1/2"]
[WhiteElo "2346"]
[BlackElo "2399"]
[PlyCount "87"]
[EventDate "2004.08.28"]
[Source "lmi"]
[SourceDate "2004.09.11"]

1. e4 c5 2. Nf3 Nc6 3. d4 cxd4 4. Nxd4 Nf6 5. Nc3 e5 6. Ndb5 d6 7. Bg5 a6 8.
Na3 b5 9. Bxf6 gxf6 10. Nd5 f5 11. Bd3 Be6 12. c3 Bxd5 13. exd5 Ne7 14. Nxb5
Bg7 15. Na3 O-O 16. O-O e4 17. Bc2 Qa5 18. Qh5 Rab8 19. Qg5 Rfe8 20. Bb3 Qc5
21. Nc4 Nxd5 22. Rad1 Rbd8 23. Ne3 h6 24. Qxf5 Re5 25. Qh3 Nf6 26. Ng4 Nxg4 27.
Qxg4 d5 28. Qf4 a5 29. Qe3 Qc6 30. c4 a4 31. cxd5 Qb5 32. Bc2 Rdxd5 33. Bxe4
Rxd1 34. Rxd1 Qe8 35. f3 f5 36. Bd5+ Kh7 37. Qd3 Re1+ 38. Kf2 Rxd1 39. Qxd1
Bxb2 40. Bc4 Bg7 41. Bd3 Bd4+ 42. Kf1 Qe3 43. Bxf5+ Kg7 44. Qe1 1/2-1/2

[Event "6. Open Sants Hostafrancs i La Bordeta"]
[Site "Barcelona ESP"]
[Date "2004.09.03"]
[Round "8.5"]
[White "Seger, Ruediger"]
[Black "Stefansson, Hannes"]
[Result "1/2-1/2"]
[WhiteElo "2417"]
[BlackElo "2549"]
[PlyCount "62"]
[EventDate "2004.08.28"]
[Source "lmi"]
[SourceDate "2004.09.11"]

1. e4 e5 2. Nf3 d6 3. d4 exd4 4. Nxd4 Nf6 5. Nc3 Be7 6. Be2 O-O 7. O-O Re8 8.
Re1 Bf8 9. Bf1 h6 10. Bf4 Nbd7 11. Qd2 Ne5 12. h3 a6 13. a4 Bd7 14. Rad1 Qc8
15. Bh2 c5 16. Nb3 Be6 17. Nc1 Nc6 18. N1e2 Nb4 19. Nf4 Bd7 20. f3 Rb8 21. b3
b5 22. axb5 axb5 23. Ncd5 Nbxd5 24. Nxd5 Nxd5 25. Qxd5 Be6 26. Qd2 c4 27. bxc4
Bxc4 28. Bxc4 Qxc4 29. Qd3 Rbc8 30. Qxc4 Rxc4 31. Re2 f5 1/2-1/2

[Event "6. Open Sants Hostafrancs i La Bordeta"]
[Site "Barcelona ESP"]
[Date "2004.09.03"]
[Round "8.6"]
[White "Hernandez, Roman"]
[Black "Peralta, Fernando"]
[Result "0-1"]
[WhiteElo "2400"]
[BlackElo "2541"]
[PlyCount "47"]
[EventDate "2004.08.28"]
[Source "lmi"]
[SourceDate "2004.09.11"]

1. c4 f5 2. d4 e6 3. Nf3 Nf6 4. g3 d5 5. Bg2 c6 6. O-O Bd6 7. b3 Qe7 8. Bb2 b6
9. Qc1 Bb7 10. Ba3 O-O 11. Bxd6 Qxd6 12. Qa3 c5 13. cxd5 exd5 14. Nc3 Nbd7 15.
Rac1 f4 16. Rfd1 a6 17. Rc2 Rae8 18. Bh3 fxg3 19. hxg3 Nh5 20. Bg2 Nxg3 21.
fxg3 Qxg3 22. Rcc1 Re6 23. Rf1 cxd4 24. Rc2 0-1

[Event "6. Open Sants Hostafrancs i La Bordeta"]
[Site "Barcelona ESP"]
[Date "2004.09.03"]
[Round "8.10"]
[White "Narciso Dublan, Marc"]
[Black "Fernandez Aguado, Enrique"]
[Result "1/2-1/2"]
[WhiteElo "2484"]
[BlackElo "2342"]
[PlyCount "70"]
[EventDate "2004.08.28"]
[Source "lmi"]
[SourceDate "2004.09.11"]

1. d4 Nf6 2. Nf3 b6 3. Bg5 Bb7 4. Bxf6 gxf6 5. Nbd2 d5 6. e3 Qd6 7. c4 Nd7 8.
cxd5 O-O-O 9. Qa4 Kb8 10. Bc4 e6 11. dxe6 fxe6 12. O-O-O Bh6 13. Qc2 f5 14. Kb1
e5 15. Qxf5 exd4 16. exd4 Rhf8 17. Qc2 Bxd2 18. Rxd2 Bxf3 19. gxf3 Ne5 20. Be2
Nxf3 21. Bxf3 Rxf3 22. Qxh7 Qf4 23. Rc1 Rf8 24. Re2 Qd6 25. Re7 Rc8 26. Rd7 Qf4
27. a3 Rxf2 28. Rc2 Rxc2 29. Qxc2 Rh8 30. h3 Rxh3 31. Rd8+ Kb7 32. Qg2+ Qf3 33.
Qxf3+ Rxf3 34. Kc2 a5 35. a4 Kc6 1/2-1/2

[Event "6. Open Sants Hostafrancs i La Bordeta"]
[Site "Barcelona ESP"]
[Date "2004.09.04"]
[Round "9.1"]
[White "Korneev, Oleg"]
[Black "Hillarp Persson, Tiger"]
[Result "1-0"]
[WhiteElo "2587"]
[BlackElo "2529"]
[PlyCount "139"]
[EventDate "2004.08.28"]
[Source "lmi"]
[SourceDate "2004.09.11"]

1. e4 e6 2. d4 d5 3. Nc3 dxe4 4. Nxe4 Bd7 5. Nf3 Bc6 6. Bd3 Nd7 7. O-O Ngf6 8.
Ng3 Be7 9. Re1 O-O 10. c4 Bxf3 11. Qxf3 c6 12. Bf4 Re8 13. Rad1 Qb6 14. Re2 Nf8
15. Be3 Qc7 16. h4 Rad8 17. h5 h6 18. Bf4 Qb6 19. Be3 Qc7 20. a3 a5 21. Bf4 Qc8
22. Red2 a4 23. Ne2 Qa8 24. Bc7 Rc8 25. Be5 N6d7 26. Bf4 Qa5 27. Nc3 Nf6 28. c5
Nd5 29. Nxd5 cxd5 30. Qg3 Kh8 31. Re2 Nd7 32. Bd2 Qa7 33. Bb5 Red8 34. Bf4 Qa5
35. Bxd7 Rxd7 36. Be5 Bf8 37. b4 axb3 38. Qxb3 Rc6 39. a4 Qd8 40. Rb1 f6 41.
Bg3 Qe8 42. Qf3 Qf7 43. a5 e5 44. Rb6 exd4 45. Rxc6 bxc6 46. Rb2 f5 47. Rb6 f4
48. Qxf4 Qxf4 49. Bxf4 Bxc5 50. Rxc6 Bb4 51. Rc7 Rd8 52. Be5 Bd6 53. Bxg7+ Kg8
54. Rb7 Rc8 55. g3 d3 56. Bxh6 Rc2 57. a6 Bf8 58. a7 Ra2 59. Rb8 Kh7 60. Rxf8
Rxa7 61. Bf4 d4 62. Rd8 Ra5 63. Rd7+ Kg8 64. h6 Rh5 65. Kg2 Kh8 66. Rxd4 Kh7
67. Rd7+ Kg6 68. Rg7+ Kf6 69. Rd7 Kg6 70. Rxd3 1-0

[Event "6. Open Sants Hostafrancs i La Bordeta"]
[Site "Barcelona ESP"]
[Date "2004.09.04"]
[Round "9.3"]
[White "Zhang, Pengxiang"]
[Black "Matnadze, Ana"]
[Result "1-0"]
[WhiteElo "2519"]
[BlackElo "2343"]
[PlyCount "105"]
[EventDate "2004.08.28"]
[Source "lmi"]
[SourceDate "2004.09.11"]

1. e4 c5 2. Nf3 d6 3. d4 cxd4 4. Nxd4 Nf6 5. Nc3 Nc6 6. f3 e5 7. Nb3 Be7 8. Be3
Be6 9. Qe2 O-O 10. O-O-O Qc7 11. g4 Rfc8 12. Kb1 a6 13. g5 Nd7 14. h4 b5 15. h5
Nb4 16. a3 Nc6 17. Nd5 Bxd5 18. exd5 Nd8 19. g6 Nf6 20. gxh7+ Kh8 21. Qg2 Rab8
22. Bd3 Bf8 23. Bf5 a5 24. Bg5 Nxh7 25. Rdg1 Nxg5 26. Qxg5 Qe7 27. Qxe7 Bxe7
28. Bxc8 Rxc8 29. Nxa5 Rc5 30. Rd1 f5 31. b4 Rc8 32. Rd3 Nf7 33. Nc6 Bf6 34.
Na7 Rb8 35. Rc3 Rb7 36. Rc8+ Kh7 37. Nc6 Ng5 38. Rf1 e4 39. fxe4 fxe4 40. Ka2
Nf3 41. Rf2 Kh6 42. Rg2 g5 43. hxg6 Bg5 44. Rf8 Kxg6 45. Rg4 Rh7 46. Rxe4 Rh3
47. Rg4 Kh5 48. Rg2 Nh4 49. Rh8+ Bh6 50. Rf2 Ng6 51. Rh7 Kg5 52. Ne7 Nf4 53.
Rxf4 1-0

[Event "6. Open Sants Hostafrancs i La Bordeta"]
[Site "Barcelona ESP"]
[Date "2004.09.04"]
[Round "9.4"]
[White "Barrientos Chavarriaga, Sergio"]
[Black "Gonzalez, Yuri"]
[Result "1/2-1/2"]
[WhiteElo "2399"]
[BlackElo "2487"]
[PlyCount "66"]
[EventDate "2004.08.28"]
[Source "lmi"]
[SourceDate "2004.09.11"]

1. e4 e5 2. Nf3 Nc6 3. Bb5 a6 4. Ba4 Nf6 5. O-O Be7 6. Qe2 b5 7. Bb3 O-O 8. c3
d5 9. d3 Bb7 10. Nbd2 Re8 11. a3 Bf8 12. Rd1 Nb8 13. Nf1 Nbd7 14. Bg5 Qc8 15.
N3d2 h6 16. Bh4 c5 17. Ne3 c4 18. dxc4 dxc4 19. Bc2 g6 20. Qf3 Bg7 21. Ndf1 Qc6
22. Ng3 Nc5 23. Bxf6 Qxf6 24. Qxf6 Bxf6 25. Nd5 Bd8 26. a4 Rc8 27. axb5 axb5
28. Nf1 Kg7 29. g3 Re6 30. Nfe3 h5 31. h4 Ra6 32. Rxa6 Nxa6 33. f3 Ra8 1/2-1/2

[Event "6. Open Sants Hostafrancs i La Bordeta"]
[Site "Barcelona ESP"]
[Date "2004.09.04"]
[Round "9.5"]
[White "Pogorelov, Ruslan"]
[Black "Fluvia Poyatos, Jordi"]
[Result "1-0"]
[WhiteElo "2421"]
[BlackElo "2346"]
[PlyCount "107"]
[EventDate "2004.08.28"]
[Source "lmi"]
[SourceDate "2004.09.11"]

1. Nf3 Nf6 2. c4 e6 3. Nc3 b6 4. g3 Bb7 5. Bg2 c5 6. O-O Be7 7. Re1 d5 8. cxd5
exd5 9. d4 O-O 10. Bf4 Nbd7 11. Rc1 Ne4 12. dxc5 Ndxc5 13. Nd4 Qd7 14. b4 Ne6
15. Nxe6 Qxe6 16. Qb3 Nxc3 17. Rxc3 d4 18. Qxe6 fxe6 19. Rc4 Bxg2 20. Kxg2 Bf6
21. Bd2 Rfd8 22. Rec1 Rd7 23. Rc7 Rad8 24. a4 Be5 25. Rxd7 Rxd7 26. Rc6 Kf7 27.
f4 Bf6 28. Kf3 g6 29. Ke4 h5 30. h3 Bg7 31. Be1 Re7 32. g4 hxg4 33. hxg4 Ke8
34. b5 Kf7 35. Bb4 Rd7 36. Bd6 Kg8 37. Be5 Bxe5 38. Kxe5 Kf7 39. Rxe6 d3 40.
exd3 Rxd3 41. Rf6+ Kg7 42. Rc6 Rd7 43. Ke6 Rf7 44. g5 Kg8 45. Rc8+ Kg7 46. Rd8
Rxf4 47. Rd7+ Kf8 48. Rxa7 Rf5 49. Ra6 Rxg5 50. Rxb6 Rg4 51. a5 Ra4 52. a6 g5
53. Kf6 Ke8 54. Rb7 1-0

[Event "6. Open Sants Hostafrancs i La Bordeta"]
[Site "Barcelona ESP"]
[Date "2004.09.04"]
[Round "9.13"]
[White "Fluvia Poyatos, Joan"]
[Black "Aloma Vidal, Robert"]
[Result "1-0"]
[WhiteElo "2450"]
[BlackElo "2217"]
[PlyCount "71"]
[EventDate "2004.08.28"]
[Source "lmi"]
[SourceDate "2004.09.11"]

1. e4 c5 2. Nf3 d6 3. d4 cxd4 4. Nxd4 Nf6 5. Nc3 Nc6 6. Bg5 e6 7. Qd2 a6 8.
O-O-O Bd7 9. f4 b5 10. Bxf6 gxf6 11. Nxc6 Bxc6 12. Qe1 Ra7 13. Bd3 Qb6 14. f5
b4 15. Ne2 e5 16. Kb1 a5 17. Qh4 Be7 18. Bc4 Rc7 19. b3 Qe3 20. Qh5 Bf8 21. Ng3
h6 22. Rhe1 Qg5 23. Qe2 Be7 24. Rd3 h5 25. Qf2 h4 26. Nf1 Qh5 27. Qb6 Kd7 28.
Bb5 Qg4 29. Qxa5 Qxg2 30. Qxb4 Qf2 31. Red1 Rhc8 32. Ne3 Bxb5 33. Qxb5+ Kd8 34.
R1d2 Qg1+ 35. Kb2 Ra8 36. a4 1-0

[Event "6. Open Sants Hostafrancs i La Bordeta"]
[Site "Barcelona ESP"]
[Date "2004.09.04"]
[Round "9.16"]
[White "Alsina Leal, Daniel"]
[Black "Moskalenko, Viktor"]
[Result "1/2-1/2"]
[WhiteElo "2274"]
[BlackElo "2544"]
[PlyCount "134"]
[EventDate "2004.08.28"]
[Source "lmi"]
[SourceDate "2004.09.11"]

1. e4 e6 2. d4 d5 3. Nd2 Nf6 4. e5 Nfd7 5. Bd3 c5 6. c3 Nc6 7. Ne2 cxd4 8. cxd4
f6 9. exf6 Nxf6 10. Nf3 Bd6 11. O-O Qc7 12. Bg5 O-O 13. Rc1 a6 14. Bh4 Nh5 15.
Qc2 h6 16. Bh7+ Kh8 17. Bg6 Nf4 18. Nxf4 Bxf4 19. Bg3 Qe7 20. Rcd1 Bd7 21. Rfe1
Qb4 22. Bxf4 Rxf4 23. Qd2 Qxd2 24. Rxd2 Kg8 25. Ne5 Nxe5 26. Rxe5 Rc8 27. g3
Rc1+ 28. Kg2 Rf6 29. Bd3 g5 30. Re3 Kf8 31. Rf3 Ke7 32. Rxf6 Kxf6 33. Kf3 Be8
34. Ke3 Re1+ 35. Re2 Ra1 36. a3 Bh5 37. f3 Rd1 38. Bc2 Rh1 39. Bd3 Bg6 40. Bxg6
Kxg6 41. Rc2 h5 42. Re2 Kf5 43. Kd3 Rd1+ 44. Rd2 Rf1 45. Ke3 h4 46. gxh4 gxh4
47. Rg2 Re1+ 48. Kd2 Rh1 49. Ke3 h3 50. Rd2 b5 51. Rc2 a5 52. Rd2 b4 53. axb4
axb4 54. Re2 b3 55. Rd2 Re1+ 56. Kf2 Rc1 57. Ke3 Rg1 58. Rf2 Re1+ 59. Kd2 Rg1
60. Ke3 e5 61. dxe5 Kxe5 62. f4+ Kf5 63. Rd2 Re1+ 64. Kf2 Rc1 65. Ke3 Re1+ 66.
Kf2 Rc1 67. Ke3 Re1+ 1/2-1/2

[Event "6. Open Sants Hostafrancs i La Bordeta"]
[Site "Barcelona ESP"]
[Date "2004.09.05"]
[Round "10.1"]
[White "Stocek, Jiri"]
[Black "Korneev, Oleg"]
[Result "1/2-1/2"]
[WhiteElo "2557"]
[BlackElo "2587"]
[PlyCount "23"]
[EventDate "2004.08.28"]
[Source "lmi"]
[SourceDate "2004.09.11"]

1. d4 d5 2. c4 e6 3. Nf3 Nf6 4. Nc3 Be7 5. Bg5 h6 6. Bxf6 Bxf6 7. Qd2 c5 8.
cxd5 cxd4 9. Nxd4 exd5 10. Qe3+ Kf8 11. Rd1 Nc6 12. Qd2 1/2-1/2

[Event "6. Open Sants Hostafrancs i La Bordeta"]
[Site "Barcelona ESP"]
[Date "2004.09.05"]
[Round "10.2"]
[White "Hillarp Persson, Tiger"]
[Black "Pogorelov, Ruslan"]
[Result "1-0"]
[WhiteElo "2529"]
[BlackElo "2421"]
[PlyCount "58"]
[EventDate "2004.08.28"]
[Source "lmi"]
[SourceDate "2004.09.11"]

1. d4 Nf6 2. c4 e6 3. Nc3 Bb4 4. Qc2 O-O 5. e4 d5 6. e5 Ne4 7. Bd3 c5 8. a3
Bxc3+ 9. bxc3 Qa5 10. Ne2 cxd4 11. cxd5 exd5 12. f3 Nxc3 13. Nxd4 Nb5+ 14. Bd2
Nxd4 15. Bxh7+ Kh8 16. Bxa5 Nxc2+ 17. Bxc2 Nc6 18. Bc7 Be6 19. Bd3 Rfc8 20. Bd6
Nd4 21. Kf2 Rc3 22. Rhd1 a5 23. Rac1 Rac8 24. Rxc3 Rxc3 25. a4 b6 26. h4 Bd7
27. Bg6 fxg6 28. Rxd4 Be6 29. Rf4 Rc2+ 1-0

[Event "6. Open Sants Hostafrancs i La Bordeta"]
[Site "Barcelona ESP"]
[Date "2004.09.05"]
[Round "10.3"]
[White "Munoz Pantoja, Miguel"]
[Black "Zhang, Pengxiang"]
[Result "0-1"]
[WhiteElo "2421"]
[BlackElo "2519"]
[PlyCount "77"]
[EventDate "2004.08.28"]
[Source "lmi"]
[SourceDate "2004.09.11"]

1. e4 c5 2. Nf3 Nc6 3. d4 cxd4 4. Nxd4 Qb6 5. Nb3 Nf6 6. Nc3 e6 7. a3 a6 8. g3
d6 9. Bg2 Be7 10. O-O O-O 11. g4 Nd7 12. Be3 Qc7 13. f4 b5 14. g5 Nb6 15. f5
Nc4 16. Bc1 Re8 17. f6 Bf8 18. Rf3 g6 19. h4 N6e5 20. Rg3 d5 21. h5 Qb6+ 22.
Kh1 Qf2 23. Rh3 Bb7 24. hxg6 hxg6 25. Qg1 Ng4 26. Bf3 dxe4 27. Nxe4 Bxe4 28.
Bxe4 Qe2 29. Bf3 Nf2+ 30. Kg2 Nxh3+ 31. Bxe2 Nxg1 32. Kxg1 Nb6 33. Bd3 Rac8 34.
Bd2 Na4 35. Rf1 Red8 36. Bc1 Bd6 37. Rf3 Be5 38. c3 Nxc3 39. Bf1 0-1

[Event "6. Open Sants Hostafrancs i La Bordeta"]
[Site "Barcelona ESP"]
[Date "2004.09.05"]
[Round "10.5"]
[White "Serra Vilaro, Agustin"]
[Black "Stefansson, Hannes"]
[Result "0-1"]
[WhiteElo "2032"]
[BlackElo "2549"]
[PlyCount "140"]
[EventDate "2004.08.28"]
[Source "lmi"]
[SourceDate "2004.09.11"]

1. Nf3 Nf6 2. c4 e6 3. Nc3 d5 4. d4 Nbd7 5. cxd5 exd5 6. Bg5 c6 7. e3 Be7 8.
Qc2 O-O 9. Bd3 Re8 10. O-O Nf8 11. h3 g6 12. Rab1 Nh5 13. Bh6 a5 14. a3 Ng7 15.
b4 Bf5 16. Bxg7 Bxd3 17. Qxd3 Kxg7 18. Rfc1 Bd6 19. Qc2 Qe7 20. Qb3 b5 21. Na2
Qb7 22. Rc3 Nd7 23. bxa5 Rxa5 24. Nb4 Nb6 25. Rxc6 Nc4 26. Rxd6 Nxd6 27. Nxd5
Rea8 28. Nc3 Rxa3 29. Qb4 R3a6 30. Ne5 Qc8 31. d5 Qf5 32. f4 Qc2 33. Kh2 Nf5
34. e4 Ne3 35. Rb2 Qc1 36. Qd4 Nf1+ 37. Kg1 Ng3+ 38. Kh2 Qxf4 39. Nd3+ Qf6 40.
e5 Qg5 41. e6+ Kg8 42. Rxb5 fxe6 43. dxe6 Qe3 44. Qd5 Nf1+ 45. Kh1 Qxe6 46. Rb7
Ng3+ 47. Kh2 Nh5 48. Qg5 Qd6+ 49. Ne5 Re8 50. Rb5 Qf6 51. Ne4 Qxg5 52. Nxg5 Nf6
53. Ngf3 Rae6 54. Nd3 Rd6 55. Nf2 Re2 56. Ng4 Kg7 57. Rb7+ Rd7 58. Rb6 Nd5 59.
Rb8 Nf4 60. Kg3 Rf7 61. Ng5 Nh5+ 62. Kh2 Ra7 63. Rb6 Rae7 64. Ra6 Nf4 65. Kg3
Nxg2 66. Nf6 Ne3 67. Nfxh7 Nf5+ 68. Kf3 R7e3+ 69. Kf4 Rf2+ 70. Kg4 Rg3# 0-1

[Event "6. Open Sants Hostafrancs i La Bordeta"]
[Site "Barcelona ESP"]
[Date "2004.09.05"]
[Round "10.6"]
[White "Almeida, Omar"]
[Black "Peralta, Fernando"]
[Result "1/2-1/2"]
[WhiteElo "2447"]
[BlackElo "2541"]
[PlyCount "82"]
[EventDate "2004.08.28"]
[Source "lmi"]
[SourceDate "2004.09.11"]

1. d4 d5 2. c4 c6 3. Nf3 Nf6 4. Nc3 dxc4 5. a4 Bf5 6. e3 e6 7. Bxc4 Bb4 8. O-O
O-O 9. Qe2 Bg6 10. Ne5 Nbd7 11. Nxg6 hxg6 12. Rd1 Qa5 13. Bd2 Rad8 14. Be1 Nb6
15. Bb3 e5 16. dxe5 Qxe5 17. Rxd8 Rxd8 18. Rd1 Re8 19. Qf3 a5 20. h3 g5 21. Rd4
Rf8 22. Qd1 Qe7 23. Qc2 Nbd7 24. Ba2 Qe5 25. Qd1 Nc5 26. Ne2 Bxe1 27. Qxe1 Nce4
28. Nc3 Nd6 29. Qd2 Nf5 30. Rd8 g6 31. e4 Nxe4 32. Nxe4 Qxe4 33. Qxg5 Qe1+ 34.
Kh2 Rxd8 35. Qxd8+ Kg7 36. Qc7 Qxf2 37. Qxf7+ Kh6 38. Qf8+ Kg5 39. Qd8+ Kh6 40.
Qh8+ Kg5 41. Qd8+ Kh6 1/2-1/2

[Event "6. Open Sants Hostafrancs i La Bordeta"]
[Site "Barcelona ESP"]
[Date "2004.09.05"]
[Round "10.9"]
[White "Narciso Dublan, Marc"]
[Black "Barrientos Chavarriaga, Sergio"]
[Result "0-1"]
[WhiteElo "2484"]
[BlackElo "2399"]
[PlyCount "60"]
[EventDate "2004.08.28"]
[Source "lmi"]
[SourceDate "2004.09.11"]

1. d4 Nf6 2. Nf3 g6 3. Nc3 d5 4. Bf4 Bg7 5. e3 O-O 6. Be2 c5 7. O-O cxd4 8.
exd4 Nc6 9. Ne5 Nd7 10. Nf3 Nf6 11. Re1 Ne4 12. Bb5 Nxc3 13. bxc3 Bd7 14. Qd2
Na5 15. Bd3 Rc8 16. Ne5 f6 17. Nxd7 Qxd7 18. Bh6 Nc4 19. Qc1 e5 20. Bxg7 Qxg7
21. Bxc4 Rxc4 22. dxe5 fxe5 23. Qe3 e4 24. Qxa7 Rxc3 25. Qa5 Qd4 26. Rf1 Rxc2
27. Qe1 Rfxf2 28. Rxf2 Rxf2 29. Kh1 e3 30. Rb1 Qe4 0-1

[Event "6. Open Sants Hostafrancs i La Bordeta"]
[Site "Barcelona ESP"]
[Date "2004.09.05"]
[Round "10.13"]
[White "Matnadze, Ana"]
[Black "Pascual Genoves, Marc"]
[Result "1-0"]
[WhiteElo "2343"]
[BlackElo "2204"]
[PlyCount "99"]
[EventDate "2004.08.28"]
[Source "lmi"]
[SourceDate "2004.09.11"]

1. d4 d5 2. g3 Nf6 3. Bg2 e6 4. Nf3 c5 5. c4 Nc6 6. O-O Be7 7. Nc3 O-O 8. cxd5
exd5 9. Bg5 cxd4 10. Nxd4 h6 11. Be3 Re8 12. Qa4 Bd7 13. Rad1 Nb4 14. Qb3 a5
15. a4 Rc8 16. Ndb5 Be6 17. Bd4 Bc5 18. Rd2 Qe7 19. Qd1 Red8 20. Bxf6 Qxf6 21.
Bxd5 Nxd5 22. Nxd5 Bxd5 23. Rxd5 Rxd5 24. Qxd5 Qxb2 25. Qxb7 Re8 26. e3 Qe5 27.
Qc6 Bb4 28. Nd4 Qe4 29. Qxe4 Rxe4 30. Rc1 h5 31. Kg2 g6 32. Kf3 Re8 33. Rc7 Ra8
34. e4 Rd8 35. Rc4 Kg7 36. e5 Re8 37. Ke4 h4 38. gxh4 Be1 39. f4 Bxh4 40. Rc7
Kf8 41. Nc6 Be1 42. Ra7 Rc8 43. Nxa5 Rc2 44. Nb7 Re2+ 45. Kf3 Rf2+ 46. Ke3 Rxh2
47. Ra8+ Kg7 48. Nd6 Bd2+ 49. Kf3 g5 50. f5 1-0